00921nas a2200241 4545000010006000000050017000060080037000230030015000600400040000750800109001152450076002240220014003002640050003143100026003641000029003907000024004196500031004436500027004746500022005016500013005236500025005368560118005612818020260407193507.0260407s1995####ag###########|||spa#dAR-UNSa-BCEJYS aAR-UNSa-BCEJYSbspacAR-UNSa-BCEJYS a327xRelaciones internacionales. Política internacional. Asuntos internacionales. Política exterior 10aArchivos del presenteprevista latinoamericana de temas internacionales a0328-3151 1aBuenos Aires :bFundación Foro de Surc1995 aFrecuencia: Bimestral1 aFundación Foro del Sur1 aJozami, Aníbal Y. aRelaciones internacionales aComercio internacional aPolítica social aECONOMIA aINTEGRACION REGIONAL41uhttps://biblioeco.unsa.edu.ar/pmb/images/revistas/Archivos del Presente-r13670.jpgyImagen de portadaqimage/jpeg